Statistics for Countries by emoji

Click here to take the quiz!

General Stats

  • This quiz has been taken 35 times
  • The average score is 13 of 15

Answer Stats

QuestionAnswer% Correct
🚫+β†ͺ️Norway
97%
O+πŸ‘¦Oman
97%
TUR+πŸ”‘Turkey
97%
🌢Chile
94%
πŸ‡«πŸ‡·+πŸ‡¬πŸ‡ΎFrench Guyana
94%
🧊️+πŸ—ΎIceland
94%
S+πŸ˜–Spain
94%
πŸ—Ί+🏰United Kingdom
91%
🀀+πŸ”Hungary
88%
🚷+πŸ“Denmark
84%
🦠+πŸ’΅Germany
84%
πŸ…°οΈ+N+πŸšͺ+πŸ…°οΈAndorra
81%
πŸ€–πŸ€–+❔+πŸ…°οΈBotswana
75%
πŸ”’+πŸ‘½Somalia
72%
🏁+βœ…+❌Guyana
41%

Score Distribution

Percentile by Number Answered

Percent of People with Each Score

Your Score History

You have not taken this quiz